Tables exhibiting the prices of wheat, from the year 1100 to 1830 (Record no. 114123)

MARC details
000 -LEADER
fixed length control field 00771cam a22001815a 4500
001 - CONTROL NUMBER
control field L156240
008 - FIXED-LENGTH DATA ELEMENTS--GENERAL INFORMATION
fixed length control field 120509s1832 xxk f 000 0 eng d
035 ## - SYSTEM CONTROL NUMBER
System control number (Sirsi) u156240
041 0# - LANGUAGE CODE
Language code of text/sound track or separate title eng
100 1# - MAIN ENTRY--PERSONAL NAME
Personal name Badcock, Benjamin
245 00 - TITLE STATEMENT
Title Tables exhibiting the prices of wheat, from the year 1100 to 1830
Remainder of title also, the prices of beans, barley, and oats, from 1790 to 1830 : together with sundry statements relative to the value of money, importation duties, day labour, &c. &c. &c
260 ## - PUBLICATION, DISTRIBUTION, ETC.
Place of publication, distribution, etc. London
Name of publisher, distributor, etc. Longman, Rees, Orme, Brown, and Green
Date of publication, distribution, etc. 1832
300 ## - PHYSICAL DESCRIPTION
Extent 8 p., [5] leaves of plates (some folded)
Other physical details ill.
Dimensions 45 cm.
583 0# - ACTION NOTE
Action Condition reviewed
Time/date of action 20120620
Status condition level 4, loose boards
651 #4 - SUBJECT ADDED ENTRY--GEOGRAPHIC NAME
Geographic name Great Britain
Chronological subdivision 1707-
690 ## - LOCAL SUBJECT ADDED ENTRY--TOPICAL TERM (OCLC, RLIN)
Topical term or geographic name as entry element Rural
9 (RLIN) 6268
942 ## - ADDED ENTRY ELEMENTS (KOHA)
Suppress in OPAC 0
Holdings
Withdrawn status Lost status Source of classification or shelving scheme Damaged status Not for loan Home library Current library Shelving location Date acquired Total Checkouts Full call number Barcode Date last seen Copy number Price effective from Koha item type
    Dewey Decimal Classification     Historic collection Historic collection Historic collection 09/05/2012   FOLIO 1832 BADCOCK 30077734 06/08/2019 1 06/08/2019 Book